Kaaki: a journal of english & french studies (Record no. 38467)

MARC details
000 -LEADER
fixed length control field 00608nam a2200169Ia 4500
022 ## - INTERNATIONAL STANDARD SERIAL NUMBER
ISSN 21413606
050 ## - CALL MARK
Classification number P 57 .N6 K35/
245 #0 - TITLE STATEMENT
Title Kaaki: a journal of english & french studies
260 ## - PUBLICATION, DISTRIBUTION, ETC. (IMPRINT)
Place of publication Kano
260 ## - PUBLICATION, DISTRIBUTION, ETC. (IMPRINT)
Name of publisher Department of English & French Bayero University
260 ## - PUBLICATION, DISTRIBUTION, ETC. (IMPRINT)
Year of publication 2011
300 ## - PHYSICAL DESCRIPTION
Number of Pages vii, 266 p. ; 22 cm.
650 ## - SUBJECT ADDED ENTRY--TOPICAL TERM
Topical Term Philology--Study and teaching--Nigeria--Periodicals. African literature (English)--History and criticism--Periodicals. Literature, Modern--History and criticism--Periodicals.
942 ## - ADDED ENTRY ELEMENTS (KOHA)
Koha item type Serials

No items available.